Teplice - Municipalities - Statistics

General Stats
  • This quiz has been taken 3 times
  • The average score is 17 of 34
Answer Stats
Hint Answer % Correct
B Bílina
100%
B Bystřany
100%
D Dubí
100%
D Duchcov
100%
K Krupka
100%
O Osek
100%
Ú Újezdeček
100%
J Jeníkov
67%
L Lahošť
67%
L Ledvice
67%
N Novosedlice
67%
P Proboštov
67%
S Světec
67%
Z Zabrušany
67%
Ž Žalany
67%
B Bořislav
33%
H Háj u Duchcova
33%
H Hostomice
33%
H Hrob
33%
H Hrobčice
33%
K Kladruby
33%
K Košťany
33%
K Kostomlaty pod Milešovkou
33%
M Měrunice
33%
M Modlany
33%
M Moldava
33%
O Ohníč
33%
S Srbice
33%
T Teplice
33%
Ž Žim
33%
B Bžany
0%
L Lukov
0%
M Mikulov
0%
R Rtyně nad Bílinou
0%
No matching quizzes found
Score Distribution
Percent of People with Each Score
Percentile by Number Answered
Your Score History
You have not taken this quiz